000 00609nam a2200229Ia 4500
003 OSt
005 20220928111254.0
006 a|||||r|||| 00| 0
007 ta
008 220927b |||||||| |||| 00| 0 eng d
024 _a48876
037 _cTextual
040 _aSDCL
_cSDCL
_beng
041 _2eng
_aeng
082 _aO152,1N285,1, M5
100 _aMishra Jagmohan
_9394646
245 0 _aMorche smbhal lo.
260 _aAllahabad
_bShabad Bharti Prakashan
_c1985
300 _a70p.
_ccm.
942 _hO152,1N285,1, M5
_cTEXL
_2CC
999 _c739454
_d739454